000 00471nam a2200181Ia 4500
005 20250508164057.0
008 008 250505s9999 xx 000 0 eng d
037 _aTextual
040 _aFEDL
_beng
_cFEDL
041 _aeng
_2eng
084 _a823, KIP
_qFEDL
100 _aKipling Rudyard
245 0 _aStories of India
260 _aNew Delhi, India
_bPenguin Books
_c2003
300 _a278p.
942 _cTEXL
_h823, KIP
999 _c1386930
_d1386930